Every Country to win a Winter Olympic Medal: Biathlon - Statistics

General Stats
  • This quiz has been taken 100 times
  • The average score is 19 of 24
Answer Stats
# of Medals Country % Correct
55 Norway
99%
18 Sweden
99%
32 France
98%
54 Germany
98%
6 Austria
97%
6 Finland
97%
23 Russia
94%
7 Slovakia
93%
3 Canada
91%
8 Czech Republic
91%
7 Italy
91%
2 Slovenia
90%
1 Switzerland
90%
11 Belarus
84%
5 Ukraine
83%
1 Poland
81%
19 Soviet Union
73%
2 Bulgaria
71%
11 East Germany
67%
1 Croatia
61%
1 Kazakhstan
59%
5 West Germany
58%
6 Unified Team
9%
4 Russian Olympic Committee
3%
No matching quizzes found
Score Distribution
Percent of People with Each Score
Percentile by Number Answered
Your Score History
You have not taken this quiz